Taylor Swift - Toutes les chansons avec des prénoms - Statistiques

Statistiques générales
  • Ce quiz a été pris 59 fois
  • Le résultat moyen est 25 sur 42
Statistiques - réponses
Hint Réponse % Correct
folklore betty
94%
The Tortured Poets Department Cassandra
85%
The Tortured Poets Department Peter
85%
The Life of a Showgirl Elizabeth Taylor
83%
The Tortured Poets Department Clara Bow
79%
evermore marjorie
79%
The Tortured Poets Department Robin
79%
The Life of a Showgirl The Fate of Ophelia
79%
The Tortured Poets Department Chloe or Sam or Sophia or Marcus
77%
Taylor Swift Tim McGraw
74%
Red Ronan
70%
1989 Style
70%
Speak Now Dear John
68%
evermore dorothea
68%
Fearless Hey Stephen
66%
folklore august
64%
Taylor Swift Mary's Song
64%
The Tortured Poets Department thanK you AImee
64%
The Life of a Showgirl The Life of a Showgirl
64%
folklore cardigan
62%
The Life of a Showgirl Ruin The Friendship
62%
The Tortured Poets Department The Tortured Poets Department
60%
Fearless Love Story
55%
Speak Now When Emma Falls In Love
55%
Reputation Getaway Car
53%
Fearless Fifteen
51%
evermore no body, no crime
51%
Reputation ...Ready for It ?
51%
folklore the last great american dynasty
51%
Lover The Man
51%
Singles Carolina
47%
The Tortured Poets Department But Daddy I Love Him
45%
Lover London Boy
45%
The Tortured Poets Department My Boy Only Breaks His Favorite Toys
43%
Red 22
40%
Lover I Forgot That You Existed
40%
The Tortured Poets Department So High School
40%
Taylor Swift Stay Beautiful
40%
Midnights Snow on the Beach (feat. Lana Del Ray)
38%
Taylor Swift Teardrops On My Guitar
38%
Midnights Hits Different
32%
Red Starlight
30%
Aucun quiz correspondant
Distribution des résultats
% des personnes avec chaque résultat
Percentile par nombre de réponses
Votre historique - résultats
Vous n’avez pas pris ce quiz